000 00898nam a2200205Ia 4500
003 IN-BaIIA
008 211028s9999 xx 000 0 eng d
020 _a0-521-86347-3
040 _cIIA Library
080 _a082.2:52
_bIAU-S238
111 _aSymposium of the International Astronomical Union
_n238th
_cCzech Republic
_d2006 Aug. 21-25
_930912
245 0 _aBlack holes from stars to galaxies-across the range of masses
_bproceedings of the 238th symposium of the IAU held in Prague, Czech Republic, 21-25 August, 2006
_cedited by Vladimir Karas and Giorgio Matt
260 _aCambridge
_bCambridge University Press
_c2007
300 _axviii, 482p.
490 _aIAU symposium; no. 238
650 _aBlack holes (Astronomy)-Congresses
_924780
700 _aMatt, Giorgio, ed.
_930913
710 _aInternational Astronomical Union
942 _cBK
999 _c16601
_d16601